000 00921cam a22001814a 4500
005 20250605163349.0
008 250528s ||||||||||||||||||||||||d
035 _a17644
020 _a9786188095540
040 _aGR-AtMCL
_bgre
_dGR-AtMCL
_eAACR2
245 1 _aΜάθετε Word 2010/ 2013 / Οδήγος Χρήσης, Περιήγηση στο Περιβάλλον, Περιλαμβάνει την Έκδοση 365
260 _bDigerati,
_c2014
300 _a98
520 _aΤο Microsoft Word παραμένει επί μία εικοσαετία το κατεξοχήν επαγγελματικό εργαλείο γραφείου. Η Γραφομηχανή του 21ου αιώνα, Κεντρικός Έλεγχος του Word, Μορφοποίηση Κειμένου, Εμπλουτισμός Εγγράφου, Το Word της Νέας Εποχής.
942 _cBK
999 _c3046
_d3046